| 000 | 00711cam a22002413a 4500 | ||
|---|---|---|---|
| 001 | 3936 | ||
| 003 | PGUSA | ||
| 005 | 20140828083040.0 | ||
| 008 | 030401s2003||||xxu|||||s|||||000 1 eng d | ||
| 040 |
_aPGUSA _beng |
||
| 042 | _adc | ||
| 050 | 4 | _aPQ | |
| 100 | 1 |
_aTheuriet, André, _d1833-1907 |
|
| 245 | 1 | 2 |
_aA Woodland Queen ('Reine des Bois') — Volume 2 _h[electronic resource] / _cAndré Theuriet |
| 260 |
_bProject Gutenberg, _c2003 |
||
| 500 | _aTranslation of Reine des bois. | ||
| 506 | _aPublic domain in the USA. | ||
| 516 | _aElectronic text | ||
| 653 | _aVillages -- France -- Fiction | ||
| 830 | 0 |
_aProject Gutenberg _v3936 |
|
| 856 | 4 | 0 | _uhttp://www.gutenberg.org/ebooks/3936 |
| 942 | _cEB | ||
| 999 |
_c233265 _d233265 |
||